Environmental planning and rural settlement policy : the case of the Kingsbridge area

Αποθηκεύτηκε σε:
Λεπτομέρειες βιβλιογραφικής εγγραφής
Κύριος συγγραφέας: Cloke, Paul J.
Μορφή: Βιβλίο
Γλώσσα:Greek
Δημοσίευση: London : Headley brothers, 1981
Σειρά:Jnl. Offprints S
Θέματα:
Ετικέτες: Προσθήκη ετικέτας
Δεν υπάρχουν, Καταχωρήστε ετικέτα πρώτοι!

MARC

LEADER 00000nam a2200000 i 4500
001 1/104694
008 000316s1981 gre d
020 |a 1-85153-141-6 
035 |l 10058935 
040 |a GR-MY-UA  |b gre  |e aacr 
041 0 |a gre 
082 0 |a 307.1412 
100 1 |a Cloke, Paul J. 
245 1 0 |a Environmental planning and rural settlement policy :  |b the case of the Kingsbridge area /  |c by Paul J. Cloke 
260 |a London :   |b Headley brothers,   |c 1981 
300 |a 468-486 p.;  |b maps, fig.;  |c 1981 
490 1 |a Jnl. Offprints S 
500 |a Reprinted from "Field Studies" a journal concerned with all aspects of the environment, [4] 
504 |a Includes bibliographical references 
650 0 0 |a Regional planning. 
650 0 0 |a Rural development. 
852 |a INST  |b LESVOS  |e 20000316  |h 307.1412 CLO  |p 005100024246  |q 005100024246  |t BK  |y 0 
901 |a BIBL1-2000-2 
909 |a Λ  |b 073313 
922 |a 1ΕΛΗ  |b 200001  |c ΚΠΣ/ΤΓ  |d LEADER 
950 |a 118-1999-09-03 
970 |z 2000/08/ΧΡΥΣΑΝΘΗ